[Event "Unterfranken-ch Seniors 59th"]
[Site "Rieneck"]
[Date "2008.03.29"]
[Round "7"]
[White "Hartlaub, Marianne"]
[Black "Gorg, Helmut"]
[Result "1-0"]
[WhiteElo "1756"]
[BlackElo "1275"]
[PlyCount "59"]
[EventDate "2008.03.24"]
[EventType "tourn"]
[EventRounds "7"]
[EventCountry "GER"]
[SourceTitle "EXT 2015"]
[Source "ChessBase"]
[SourceDate "2014.11.20"]
[SourceVersion "1"]
[SourceVersionDate "2014.11.20"]
[SourceQuality "1"]

1. Nf3 Nc6 2. c4 e5 3. d3 Bc5 4. a3 d5 5. b4 Bb6 6. c5 e4 7. dxe4 dxe4 8. Qxd8+ Nxd8 9. Nd4 Nf6 10. cxb6 axb6 11. Bb2 0-0 12. e3 Ne6 13. Bc4 c5 14. Nxe6 fxe6 15. bxc5 bxc5 16. Nc3 b6 17. 0-0 Rd8 18. Rfd1 Re8 19. Rd6 Ba6 20. Bxe6+ Kf8 21. Rad1 Ke7 22. Ba2 Rab8 23. Re6+ Kf8 24. Rxe8+ Rxe8 25. h3 Bd3 26. Na4 Nd7 27. Rxd3 b5 28. Nc3 b4 29. Nxe4 bxa3 30. Bxa3 1-0

[Event "Unterfranken-ch Seniors 59th"]
[Site "Rieneck"]
[Date "2008.03.24"]
[Round "1"]
[White "Gorg, Helmut"]
[Black "Hassler, Guenther"]
[Result "0-1"]
[WhiteElo "1275"]
[BlackElo "1734"]
[PlyCount "62"]
[EventDate "2008.03.24"]
[EventType "tourn"]
[EventRounds "7"]
[EventCountry "GER"]
[SourceTitle "EXT 2015"]
[Source "ChessBase"]
[SourceDate "2014.11.20"]
[SourceVersion "1"]
[SourceVersionDate "2014.11.20"]
[SourceQuality "1"]

1. e4 e5 2. Nf3 Nf6 3. Nc3 Nc6 4. Bc4 Nxe4 5. Nxe4 d5 6. Bb5 dxe4 7. Bxc6+ bxc6 8. Nxe5 Qg5 9. d4 Qxg2 10. Ke2 Ba6+ 11. c4 Bxc4+ 12. Nxc4 Qf3+ 13. Kd2 Qd3+ 14. Ke1 Qxc4 15. a3 Rd8 16. Be3 Be7 17. Rc1 Qd5 18. Qa4 0-0 19. Rxc6 Bd6 20. Rc2 Qh5 21. h4 Qf3 22. Rf1 f5 23. Qxa7 f4 24. Bc1 Rfe8 25. Qb7 Qd3 26. Qd5+ Kh8 27. Qc4 Bxa3 28. Qxc7 Bb4+ 29. Bd2 Rxd4 30. Qxf4 Qxc2 31. Qe3 Bxd2+ 0-1